|
|
|
|
| LEADER |
01020nam a22003132a 4500 |
| 001 |
000927351 |
| 003 |
CZ BrMZK |
| 005 |
20090119113607.0 |
| 007 |
ta |
| 008 |
090119s1982 xr er|||||||||||cze d |
| 015 |
|
|
|a cnb000404789
|
| 035 |
|
|
|a (OCoLC)42177284
|
| 040 |
|
|
|a ABA001
|b cze
|c ABA001
|d ABA001
|
| 080 |
9 |
|
|a 629.114.6(075.8)
|
| 100 |
1 |
|
|a Wolf, Jan
|4 aut
|
| 245 |
1 |
0 |
|a Nauka o technice :
|b automobil UAZ-469 /
|c Jan Wolf
|
| 250 |
|
|
|a 1. vyd.
|
| 260 |
|
|
|a Praha :
|b SPN,
|c 1982
|
| 300 |
|
|
|a 172 s. :
|b il. ;
|c 29 cm
|
| 504 |
|
|
|a Obsahuje bibliografii
|
| 500 |
|
|
|a 900 výt.
|
| 521 |
8 |
|
|a Určeno výhradně pro potřebu stud. vojen. přípravy všech fakult VŠZ
|
| 550 |
|
|
|a Vydavatel: VŠZ v Praze
|
| 710 |
2 |
|
|a Vysoká škola zemědělská v Praze
|7 ko20010092576
|
| 910 |
|
|
|a BOA001
|b 4-0847.336
|
| 964 |
|
|
|a Osobní automobily UAZ-469 - učebnice - vysoké školy
|
| 990 |
|
|
|a BK
|
| 991 |
|
|
|b 200901
|
| 996 |
6 |
|
|b 2619116502
|c 4-0847.336
|l MZK
|r Sklad / do 1 hodiny
|n 1
|w 000927351
|u 000010
|a 1
|e BOA001
|j MZK50
|s P
|